HSV Pflichtspieleinsätze 2025 - Statistiken

Allgemein
  • Dieses Quiz wurde 43 mal gespielt
  • Das Durchschnittsergebnis liegt bei 24 aus 37
Antwortstatistiken
Einsätze Spieler % Korrekt
33 Daniel Heuer Fernandes
94%
29 Jean-Luc Dompé
94%
34 Ransford Königsdörffer
94%
20 Robert Glatzel
94%
15 Luka Vuskovic
89%
31 Miro Muheim
86%
5 Bakery Jatta
83%
29 Daniel Elfadli
83%
14 Davie Selke
83%
29 William Mikelbrencis
83%
12 Albert Sambi Lokonga
77%
23 Jonas Meffert
77%
10 Jordan Torunarigha
74%
15 Ludovit Reis
71%
16 Nicolai Remberg
71%
12 Otto Stange
71%
21 Fabio Balde
69%
20 Emir Sahiti
66%
12 Fabio Vieira
66%
9 Sebastian Schonlau
66%
9 Yussuf Poulsen
66%
2 Daniel Peretz
63%
12 Silvan Hefti
63%
14 Nicolas Capaldo
60%
12 Immanuel Pherai
57%
18 Rayan Philippe
54%
15 Giorgi Gocholeishvili
51%
8 Guilherme Ramos
51%
16 Adam Karabec
49%
13 Alexander Rössing-Lelesiit
49%
6 Warmed Omari
46%
5 Aboubaka Soumahoro
43%
6 Lukasz Poreba
40%
13 Denis Hadzikadunic
34%
14 Marco Richter
34%
4 Adedire Mebude
29%
1 Joel Agyekum
14%
Keine übereinstimmenden Quizze gefunden
Verteilung der Resultate
Anzahl Personen mit jedem Resultat
Perzentil nach korrekt beantworteten Fragen
Ihre Resultats-Entwicklung
Sie haben dieses Quiz noch nicht gespielt